El adolescente y los deportes /

Guardado en:
Autor Principal: Durand, Georges
Formato: Libro
Publicado: Barcelona : L.miracle, 1962
Edición:2a. ed.
Materias:
Etiquetas: Agregar Etiqueta
Sin Etiquetas, Sea el primero en etiquetar este registro!
LEADER 00456nam a22001695a 4500
001 CEM.cems002172
005 20060216000000.0
008 130507s1962##################000#0#####d
003 CEMS
082 0 4 |a 796 
100 1 |a Durand, Georges 
245 1 0 |a El adolescente y los deportes / 
250 |a 2a. ed. 
260 |a Barcelona :  |b L.miracle,  |c 1962 
300 |a 137 p. 
653 |a Atletismo y deportes 
859 |a CEMS  |b BIB. CEMS - 11 de abril  |h 796  |i D931a2  |p 4224.75  |t Ej.1